000 00826nam a22002411 4500
001 3122114
005 19681225000000.0
008 710311s1968 nyu b 000 0 eng
010 _a 68028156
040 _aDLC
_cDLC
_dDLC
050 0 0 _aBL48
_b.C64 1968
082 0 0 _a200/.9/04
100 1 _aCogley, John.
245 1 0 _aReligion in a secular age;
_bthe search for final meaning.
_cPref. by Arnold Toynbee.
260 _aNew York,
_bPraeger
_c[1968]
300 _axxi, 147 p.
_c24 cm.
350 _a$5.95
490 0 _aBritannica perspective
504 _aBibliographical footnotes.
906 _a7
_bcbc
_corignew
_du
_eocip
_f19
_gy-gencatlg
942 _2lcc
_cBK
999 _c27521
_d27521